[Event "Edinburgh Major op"]
[Site "Edinburgh"]
[Date "2002.04.07"]
[Round "4"]
[White "Forsythe, Robert"]
[Black "Bushall, J."]
[Result "1/2-1/2"]
[WhiteElo "1580"]
[BlackElo "1680"]
[PlyCount "33"]
[EventDate "2002.??.??"]
[EventType "swiss"]
[EventRounds "5"]
[EventCountry "SCO"]
[SourceTitle "EXT 2004"]
[Source "ChessBase"]
[SourceDate "2003.11.25"]
[SourceVersion "1"]
[SourceVersionDate "2003.11.25"]
[SourceQuality "1"]

1. d4 Nf6 2. Nf3 e6 3. c4 d5 4. Nc3 Nbd7 5. Bg5 Be7 6. e3 0-0 7. Rc1 c6 8. Bd3 dxc4 9. Bxc4 Nd5 10. Bxe7 Qxe7 11. 0-0 Nxc3 12. Rxc3 e5 13. dxe5 Nxe5 14. Nxe5 Qxe5 15. Be2 Qe7 16. Bf3 Be6 17. a3 1/2-1/2